00449 a2200157 450000500170000002000180001708200140003510000210004924500360007025000120010626000450011830000550016370000450021894200130026399900150027620250611112728.0 a0-534-04209-0 a512.13WEB aWebber P. Robert aCollegeAlgebra And Trigonometry a2nd, Ed a New yorkbCole Publishing Companyc1985 axiii,607p ill table diagrambAppendix, Indexc25cm aBarth Craing, Morse Amy, Galligan Eileen 2ddccBKS c3734d3734